000 004970000a22001810004500
020 _a0-87808-426-6
041 0 _aENG
082 0 4 _aG 266.2 M526c
100 1 _aMellis, Charles J.
245 1 0 _aCommitted communities : Fresh streams for world missions / Charles J. Mellis
260 _aPasadena, CA., USA : William Carey
300 _a138 Pag
001 7767
942 _cBK
999 _c37972
_d37972
336 _atexto
_btxt
_2rdacontent
337 _2rdamedia
_asin mediación
_bn
338 _2rdacarrier
_avolumen
_bnc